[Event "Hannover Bezirks-ch B"]
[Site "Lehrte"]
[Date "2019.10.06"]
[Round "7.1"]
[White "Danisch, Garvin"]
[Black "Pubantz, Richard"]
[Result "1/2-1/2"]
[WhiteElo "1525"]
[BlackElo "1703"]
[PlyCount "34"]
[EventDate "2019.10.03"]
[EventType "swiss"]
[EventRounds "7"]
[EventCountry "GER"]
[SourceTitle "EXT 2023"]
[Source "ChessBase"]
[SourceDate "2022.10.05"]
[SourceVersion "1"]
[SourceVersionDate "2022.10.05"]
[SourceQuality "1"]

1. c4 c6 2. g3 d5 3. cxd5 cxd5 4. Bg2 Nf6 5. d4 Nc6 6. Nf3 Bf5 7. a3 e6 8. 0-0 Bd6 9. Nc3 a6 10. h3 h6 11. Re1 0-0 12. b4 Qe7 13. Bb2 Rfd8 14. e3 b5 15. Rc1 Rac8 16. Nd2 Nd7 17. e4 dxe4 1/2-1/2

[Event "Langenhagen Summer op 1st"]
[Site "Langenhagen"]
[Date "2019.07.07"]
[Round "7"]
[White "Hentrop, Malte"]
[Black "Pubantz, Richard"]
[Result "1/2-1/2"]
[WhiteElo "1670"]
[BlackElo "1734"]
[PlyCount "64"]
[EventDate "2019.07.04"]
[EventType "swiss"]
[EventRounds "7"]
[EventCountry "GER"]
[SourceTitle "EXT 2020"]
[Source "ChessBase"]
[SourceDate "2019.10.17"]
[SourceVersion "1"]
[SourceVersionDate "2019.10.17"]
[SourceQuality "1"]

1. d4 d5 2. Nf3 Nf6 3. c4 c6 4. Nc3 e6 5. Bg5 h6 6. Bh4 dxc4 7. a4 g5 8. Bg3 Bb4 9. e3 Nd5 10. Qc2 Qa5 11. Rc1 b5 12. Ne5 Bb7 13. Nxf7 Kxf7 14. Be5 Nf6 15. Be2 Nbd7 16. 0-0 Bxc3 17. bxc3 Qd8 18. f4 Qg8 19. f5 Qh7 20. fxe6+ Kxe6 21. Qb2 Nxe5 22. dxe5 Kxe5 23. Rxf6 Kxf6 24. Rf1+ Kg6 25. Bd1 Qe7 26. Qc2+ Kg7 27. Bh5 Rhf8 28. Qg6+ Kh8 29. Qxh6+ Qh7 30. Rxf8+ Rxf8 31. Qxf8+ Qg8 32. Qh6+ Qh7 1/2-1/2

[Event "Langenhagen Summer op 1st"]
[Site "Langenhagen"]
[Date "2019.07.06"]
[Round "5"]
[White "Hanemann, Henno"]
[Black "Pubantz, Richard"]
[Result "1-0"]
[WhiteElo "1703"]
[BlackElo "1734"]
[PlyCount "77"]
[EventDate "2019.07.04"]
[EventType "swiss"]
[EventRounds "7"]
[EventCountry "GER"]
[SourceTitle "EXT 2020"]
[Source "ChessBase"]
[SourceDate "2019.10.17"]
[SourceVersion "1"]
[SourceVersionDate "2019.10.17"]
[SourceQuality "1"]

1. e4 c5 2. f4 d6 3. Nf3 g6 4. Bc4 Bg7 5. 0-0 Nf6 6. Nc3 0-0 7. Ng5 e6 8. d3 d5 9. e5 dxc4 10. exf6 Qxf6 11. Rf3 Rd8 12. Nce4 Qe7 13. Qe1 cxd3 14. cxd3 Nc6 15. Be3 b6 16. Rd1 Nd4 17. Rf2 Nf5 18. Kh1 Bb7 19. Bc1 Rd7 20. Nf3 Ba6 21. Ne5 Bxe5 22. fxe5 Rxd3 23. Bg5 Rxd1 24. Qxd1 Qc7 25. Nf6+ Kg7 26. Qe1 h6 27. Rxf5 exf5 28. Bxh6+ Kxh6 29. Qh4+ Kg7 30. Qh7+ Kf8 31. Qg8+ Ke7 32. Nd5+ Kd7 33. Qxf7+ Kc6 34. Qe6+ Kb7 35. Nxc7 Kxc7 36. Qd6+ Kb7 37. Qd7+ Kb8 38. e6 Bc8 39. Qd8 1-0

[Event "Harburg-chC 13th"]
[Site "Hamburg"]
[Date "2018.08.04"]
[Round "2"]
[White "Pubantz, Richard"]
[Black "Evers, Annika"]
[Result "0-1"]
[WhiteElo "1714"]
[BlackElo "1816"]
[PlyCount "86"]
[EventDate "2018.08.03"]
[EventType "tourn"]
[EventRounds "5"]
[EventCountry "GER"]
[SourceTitle "EXT 2019"]
[Source "ChessBase"]
[SourceDate "2018.10.10"]
[SourceVersion "1"]
[SourceVersionDate "2018.10.10"]
[SourceQuality "1"]

1. d4 d5 2. c4 c6 3. Nf3 Nf6 4. Nc3 dxc4 5. a4 Bf5 6. e3 e6 7. Bxc4 Nbd7 8. 0-0 Bd6 9. Re1 Bg6 10. Bd3 Bxd3 11. Qxd3 0-0 12. e4 e5 13. Bg5 exd4 14. Nxd4 Bxh2+ 15. Kxh2 Ng4+ 16. Kg1 Qxg5 17. Qg3 Ndf6 18. f3 Qe5 19. Qxe5 Nxe5 20. Rad1 Rad8 21. b3 Rd7 22. Nf5 Rfd8 23. Rxd7 Rxd7 24. Rd1 Rxd1+ 25. Nxd1 Nd3 26. Nc3 Ne8 27. Kf1 a5 28. Na2 Nc5 29. Nd4 Nc7 30. Ke2 N7e6 31. Nxe6 Nxe6 32. Ke3 Nc5 33. Nc1 Kf8 34. Kd4 b6 35. Kc4 Ke7 36. Ne2 Kd6 37. Nc3 h5 38. g3 g5 39. b4 axb4 40. Kxb4 Nd3+ 41. Kc4 Ne5+ 42. Kd4 Nxf3+ 43. Ke3 Ne5 0-1

[Event "Niedersachsen-ch op B"]
[Site "Verden"]
[Date "2018.01.06"]
[Round "5"]
[White "Brunner, Sophia"]
[Black "Pubantz, Richard"]
[Result "1-0"]
[WhiteElo "1822"]
[BlackElo "1669"]
[PlyCount "55"]
[EventDate "2018.01.04"]
[EventType "swiss"]
[EventRounds "7"]
[EventCountry "GER"]
[SourceTitle "EXT 2022"]
[Source "ChessBase"]
[SourceDate "2021.10.06"]
[SourceVersion "1"]
[SourceVersionDate "2021.10.06"]
[SourceQuality "1"]

1. d4 d5 2. e3 Nf6 3. Bd3 c5 4. c3 e6 5. f4 Nc6 6. Nf3 Bd6 7. 0-0 0-0 8. Nbd2 a6 9. Ne5 Qc7 10. g4 Ne8 11. g5 f5 12. gxf6 Nxf6 13. Kh1 Ne7 14. Rg1 Nf5 15. Qf3 Ra7 16. Nf1 b5 17. Ng3 c4 18. Bc2 a5 19. Bd2 Bxe5 20. fxe5 Nh4 21. Qf4 Ne4 22. Qxh4 g5 23. Qh6 Nxd2 24. Nh5 Nf3 25. Raf1 Qd8 26. Rg3 g4 27. Rxg4+ Kh8 28. Nf6 1-0

[Event "Niedersachsen-ch op B"]
[Site "Verden"]
[Date "2018.01.06"]
[Round "6"]
[White "Soelter, Thomas"]
[Black "Pubantz, Richard"]
[Result "1-0"]
[WhiteElo "1522"]
[BlackElo "1669"]
[PlyCount "99"]
[EventDate "2018.01.04"]
[EventType "swiss"]
[EventRounds "7"]
[EventCountry "GER"]
[SourceTitle "EXT 2022"]
[Source "ChessBase"]
[SourceDate "2021.10.06"]
[SourceVersion "1"]
[SourceVersionDate "2021.10.06"]
[SourceQuality "1"]

1. d4 d5 2. c4 c6 3. e3 Nf6 4. Nc3 e6 5. Nf3 Nbd7 6. Be2 dxc4 7. Bxc4 b5 8. Bd3 a6 9. a3 c5 10. dxc5 Bxc5 11. b4 Be7 12. 0-0 Bb7 13. Bb2 0-0 14. Rc1 Rc8 15. Be2 Qb6 16. Qd4 Qxd4 17. Nxd4 Ne5 18. Rfd1 Nc4 19. Bxc4 Rxc4 20. Nb3 Rfc8 21. Na5 R4c7 22. Nxb7 Rxb7 23. Ne2 Rbc7 24. Rxc7 Rxc7 25. Nd4 Nd5 26. Rc1 Rxc1+ 27. Bxc1 Nb6 28. e4 Bf6 29. Nc6 Nc4 30. f4 Bc3 31. Kf2 Bb2 32. Bxb2 Nxb2 33. Na5 Nd1+ 34. Ke2 Nc3+ 35. Kd3 Nb1 36. Kc2 Nxa3+ 37. Kb2 Nc4+ 38. Nxc4 bxc4 39. Kc3 Kf8 40. Kxc4 Ke8 41. Kc5 Kd7 42. Kb6 Kc8 43. Kxa6 Kc7 44. Ka7 Kc6 45. Ka6 Kc7 46. b5 Kb8 47. Kb6 f6 48. Kc6 e5 49. fxe5 fxe5 50. Kd5 1-0

[Event "Hannover Ihme Cup"]
[Site "Hannover"]
[Date "2017.04.30"]
[Round "5.15"]
[White "Pubantz, Jan"]
[Black "Pubantz, Richard"]
[Result "1-0"]
[WhiteElo "1999"]
[BlackElo "1641"]
[PlyCount "51"]
[EventDate "2017.04.28"]
[EventType "swiss"]
[EventRounds "5"]
[EventCountry "GER"]
[SourceTitle "EXT 2022"]
[Source "ChessBase"]
[SourceDate "2021.10.06"]
[SourceVersion "1"]
[SourceVersionDate "2021.10.06"]
[SourceQuality "1"]

1. d4 d5 2. c4 c6 3. Nf3 Nf6 4. Nc3 e6 5. g3 dxc4 6. Bg2 b5 7. 0-0 Bb7 8. e4 Be7 9. e5 Nd5 10. Ne4 Nd7 11. Nfg5 0-0 12. Qh5 h6 13. Nh3 f6 14. Bxh6 gxh6 15. Qg6+ Kh8 16. Qxh6+ Kg8 17. Qg6+ Kh8 18. Neg5 fxg5 19. Be4 N5f6 20. Nxg5 Qe8 21. Qh6+ Kg8 22. Bh7+ Kh8 23. Bg6+ Kg8 24. Bxe8 Raxe8 25. Nxe6 Rf7 26. Qg6+ 1-0

[Event "Hannover Ihme Cup"]
[Site "Hannover"]
[Date "2017.04.30"]
[Round "4.25"]
[White "Pubantz, Richard"]
[Black "Bartel, Reinhard"]
[Result "1-0"]
[WhiteElo "1641"]
[BlackElo "1678"]
[PlyCount "65"]
[EventDate "2017.04.28"]
[EventType "swiss"]
[EventRounds "5"]
[EventCountry "GER"]
[SourceTitle "EXT 2022"]
[Source "ChessBase"]
[SourceDate "2021.10.06"]
[SourceVersion "1"]
[SourceVersionDate "2021.10.06"]
[SourceQuality "1"]

1. d4 Nf6 2. c4 g6 3. Nc3 Bg7 4. e4 d6 5. Be2 Nc6 6. Be3 e5 7. d5 Ne7 8. Nf3 Ng4 9. Bg5 f6 10. Bh4 g5 11. Bg3 Nh6 12. Nd2 Ng6 13. Bh5 0-0 14. Bxg6 hxg6 15. f3 f5 16. Bf2 f4 17. c5 g4 18. Qc2 Bd7 19. 0-0-0 Rc8 20. Kb1 dxc5 21. Bxc5 Rf6 22. Nc4 Ra6 23. Qb3 Rb8 24. d6 Be6 25. Nb5 c6 26. Nc7 Bf7 27. Nxa6 bxa6 28. Qc2 Qd7 29. Rd3 Rb5 30. Ba3 c5 31. Rc1 Bf6 32. Rb3 Qe6 33. Qd3 1-0

[Event "Niedersachsen-ch op-B"]
[Site "Verden"]
[Date "2017.01.07"]
[Round "5"]
[White "Pubantz, Richard"]
[Black "Evering, Soeren"]
[Result "0-1"]
[WhiteElo "1719"]
[BlackElo "1794"]
[PlyCount "78"]
[EventDate "2017.01.05"]
[EventType "swiss"]
[EventRounds "7"]
[EventCountry "GER"]
[SourceTitle "CBM 187 Extra"]
[Source "ChessBase"]
[SourceDate "2018.11.04"]
[SourceVersion "1"]
[SourceVersionDate "2018.11.04"]
[SourceQuality "1"]

1. d4 Nf6 2. c4 e6 3. g3 d5 4. Bg2 Be7 5. Nf3 0-0 6. 0-0 dxc4 7. Ne5 Nc6 8. Bxc6 bxc6 9. Nxc6 Qe8 10. Nxe7+ Qxe7 11. Qa4 e5 12. dxe5 Qxe5 13. Qxc4 Be6 14. Qc2 Bf5 15. Qc4 Be6 16. Qc2 Qh5 17. f3 Bh3 18. Re1 c5 19. Nc3 Rfe8 20. b3 Rad8 21. Bb2 Qg5 22. Rad1 Qe3+ 23. Kh1 Qf2 24. Rg1 Rxd1 25. Qxd1 h5 26. Bc1 a6 27. e3 Nh7 28. Qe2 Qxe2 29. Nxe2 Ng5 30. f4 Ne4 31. Re1 Bg4 32. Kg2 Be6 33. Rd1 Bg4 34. Re1 Be6 35. Rd1 c4 36. Nd4 Nc3 37. Rd2 Bd5+ 38. Kf1 cxb3 39. axb3 Rxe3 0-1

[Event "Niedersachsen-ch op-B"]
[Site "Verden"]
[Date "2017.01.06"]
[Round "4"]
[White "Bargsten, Justus"]
[Black "Pubantz, Richard"]
[Result "1-0"]
[WhiteElo "1813"]
[BlackElo "1719"]
[PlyCount "79"]
[EventDate "2017.01.05"]
[EventType "swiss"]
[EventRounds "7"]
[EventCountry "GER"]
[SourceTitle "CBM 187 Extra"]
[Source "ChessBase"]
[SourceDate "2018.11.04"]
[SourceVersion "1"]
[SourceVersionDate "2018.11.04"]
[SourceQuality "1"]

1. d4 d5 2. Bf4 c5 3. e3 Nc6 4. c3 e6 5. Bd3 cxd4 6. exd4 Bd6 7. Bg3 Nf6 8. Nd2 0-0 9. Ngf3 a6 10. Ne5 Qc7 11. f4 b5 12. Bh4 Be7 13. 0-0 Ne8 14. Nxc6 Bxh4 15. Qh5 f5 16. Qxh4 Qxc6 17. Nf3 Rf6 18. Ne5 Qc7 19. a4 Rh6 20. Qf2 Rb8 21. axb5 axb5 22. g4 Rf6 23. gxf5 exf5 24. Qf3 Be6 25. Ra6 Nd6 26. Rfa1 Ne4 27. Ra7 Rb7 28. Ra8+ Bc8 29. Qh5 g6 30. Qh4 Kg7 31. R1a6 Rxa6 32. Rxa6 b4 33. Rc6 Qa5 34. Bxe4 fxe4 35. Qf6+ Kh6 36. Rxc8 Qa1+ 37. Kg2 Qxb2+ 38. Kg3 Qc1 39. Ng4+ Kh5 40. Qh4# 1-0

[Event "Hannover-chB"]
[Site "Lehrte"]
[Date "2016.10.03"]
[Round "5"]
[White "Pubantz, Richard"]
[Black "Brockmann, Marc"]
[Result "1-0"]
[WhiteElo "1616"]
[BlackElo "1729"]
[PlyCount "70"]
[EventDate "2016.10.01"]
[EventType "swiss"]
[EventRounds "7"]
[EventCountry "GER"]
[SourceTitle "EXT 2020"]
[Source "ChessBase"]
[SourceDate "2019.10.17"]
[SourceVersion "1"]
[SourceVersionDate "2019.10.17"]
[SourceQuality "1"]

1. d4 d5 2. c4 c6 3. Nf3 Nf6 4. Nc3 dxc4 5. a4 Bf5 6. e3 e6 7. Bxc4 Bb4 8. 0-0 0-0 9. Bd3 Bxd3 10. Qxd3 Nbd7 11. Na2 Be7 12. b4 Nd5 13. Bd2 Rc8 14. Rab1 Re8 15. Rfc1 Bf8 16. e4 N5f6 17. Nc3 Nb8 18. Qe2 Re7 19. Rd1 Rd7 20. h3 Na6 21. Na2 Nb8 22. Nc1 Qb6 23. Nd3 Qa6 24. Ra1 Rdc7 25. Bf4 Rd7 26. Qe3 Qb6 27. Rdb1 Qd8 28. Nde5 Re7 29. Bg5 Nbd7 30. Nc4 Re8 31. e5 Nd5 32. Bxd8 Nxe3 33. fxe3 Rexd8 34. b5 cxb5 35. Na5 Rc7 1-0

[Event "Hannover-chB"]
[Site "Lehrte"]
[Date "2016.10.01"]
[Round "2"]
[White "Lick, Helmut"]
[Black "Pubantz, Richard"]
[Result "0-1"]
[WhiteElo "1637"]
[BlackElo "1616"]
[PlyCount "86"]
[EventDate "2016.10.01"]
[EventType "swiss"]
[EventRounds "7"]
[EventCountry "GER"]
[SourceTitle "EXT 2020"]
[Source "ChessBase"]
[SourceDate "2019.10.17"]
[SourceVersion "1"]
[SourceVersionDate "2019.10.17"]
[SourceQuality "1"]

1. d4 d5 2. g3 c6 3. Bg2 Nf6 4. Nf3 Bg4 5. 0-0 Nbd7 6. b3 e6 7. Nbd2 Bd6 8. Bb2 0-0 9. c4 Re8 10. Ne5 Bh5 11. Ndf3 Rc8 12. c5 Bc7 13. Rc1 Nxe5 14. Nxe5 Nd7 15. f4 f6 16. Nf3 Qe7 17. Nh4 Rf8 18. Nf3 e5 19. fxe5 fxe5 20. dxe5 Nxe5 21. Bxe5 Bxe5 22. Nxe5 Rxf1+ 23. Qxf1 Qxe5 24. Bf3 Rf8 25. Kg2 Bxf3+ 26. exf3 Qb2+ 27. Kg1 Qxa2 28. Qd3 Re8 29. Rc2 Qb1+ 30. Kg2 Qe1 31. Qd2 Qe3 32. Qxe3 Rxe3 33. Rb2 Kf7 34. Kf2 Rc3 35. b4 d4 36. f4 d3 37. Ke3 Ke6 38. Rd2 Rb3 39. Rxd3 Rxb4 40. Rc3 Kd5 41. h4 a5 42. Kd3 Rb5 43. Rc4 Rb3+ 0-1

[Event "Hannover Region-ch"]
[Site "Hannover"]
[Date "2016.02.06"]
[Round "3"]
[White "Pubantz, Richard"]
[Black "Schoenfeld, Dietmar"]
[Result "0-1"]
[WhiteElo "1604"]
[BlackElo "1915"]
[PlyCount "98"]
[EventDate "2016.01.16"]
[EventType "swiss"]
[EventRounds "7"]
[EventCountry "GER"]
[SourceTitle "EXT 2020"]
[Source "ChessBase"]
[SourceDate "2019.10.17"]
[SourceVersion "1"]
[SourceVersionDate "2019.10.17"]
[SourceQuality "1"]

1. d4 Nf6 2. c4 g6 3. Nc3 Bg7 4. e4 d6 5. Be2 0-0 6. Be3 e5 7. Nf3 Nc6 8. d5 Ne7 9. Nd2 Nd7 10. f3 f5 11. Qc2 Nf6 12. h3 Nh5 13. Bf2 Nf4 14. Bf1 fxe4 15. fxe4 Bd7 16. g3 Nh5 17. Be2 Qc8 18. Bxh5 gxh5 19. Qd1 Bh6 20. Rh2 Qe8 21. Qe2 a6 22. 0-0-0 b5 23. g4 Bf4 24. Rg2 hxg4 25. hxg4 bxc4 26. Be3 Ng6 27. Rh1 Rb8 28. Nf3 Qe7 29. Qd2 Rf7 30. Ne2 Bxe3 31. Qxe3 Qf8 32. Nd2 Nf4 33. Nxf4 exf4 34. Qc3 f3 35. Rf2 Bxg4 36. Rg1 Qg7 37. Qxg7+ Rxg7 38. Nxf3 Rf8 39. Rfg2 Rxf3 40. Rxg4 Rf1+ 41. Rxf1 Rxg4 42. Re1 Kf7 43. e5 Rd4 44. e6+ Ke7 45. Rd1 Rxd1+ 46. Kxd1 c6 47. dxc6 Kxe6 48. Ke2 d5 49. Ke3 Kd6 0-1

[Event "Niedersachsen-ch op-B"]
[Site "Verden"]
[Date "2016.01.05"]
[Round "6"]
[White "Pubantz, Richard"]
[Black "Brockmeyer, Tobias"]
[Result "1-0"]
[WhiteElo "1654"]
[BlackElo "1511"]
[PlyCount "51"]
[EventDate "2016.01.03"]
[EventType "swiss"]
[EventRounds "7"]
[EventCountry "GER"]
[SourceTitle "EXT 2018"]
[Source "ChessBase"]
[SourceDate "2017.10.13"]
[SourceVersion "1"]
[SourceVersionDate "2017.10.13"]
[SourceQuality "1"]

1. d4 Nf6 2. c4 e6 3. g3 d5 4. Bg2 c5 5. Nf3 Nc6 6. cxd5 exd5 7. 0-0 cxd4 8. Nxd4 Bc5 9. Nxc6 bxc6 10. Qc2 Qb6 11. Nc3 Bd6 12. e4 d4 13. Na4 Qb5 14. e5 Bb7 15. exd6 0-0 16. Nc5 Rad8 17. Bg5 Rxd6 18. Bxf6 gxf6 19. Qf5 d3 20. Be4 Re8 21. Qxh7+ Kf8 22. Nxd3 Rxe4 23. Qxe4 Rxd3 24. Rfd1 Rxd1+ 25. Rxd1 Qg5 26. Qb4+ 1-0

[Event "Hannover-chA"]
[Site "Lehrte"]
[Date "2014.10.26"]
[Round "4"]
[White "Pubantz, Richard"]
[Black "Zweigait, Bjoern"]
[Result "1-0"]
[WhiteElo "1517"]
[BlackElo "1492"]
[PlyCount "75"]
[EventDate "2014.10.25"]
[EventType "swiss"]
[EventRounds "7"]
[EventCountry "GER"]
[SourceTitle "EXT 2021"]
[Source "ChessBase"]
[SourceDate "2020.10.23"]
[SourceVersion "1"]
[SourceVersionDate "2020.10.23"]
[SourceQuality "1"]

1. e4 c5 2. Nf3 Nc6 3. d4 cxd4 4. Nxd4 Nxd4 5. Qxd4 d6 6. Be2 e5 7. Qd1 g6 8. 0-0 Bg7 9. c4 Ne7 10. Nc3 Be6 11. Bg5 a6 12. Nd5 Bxd5 13. cxd5 0-0 14. Rc1 h6 15. Be3 f5 16. f3 f4 17. Bf2 Bf6 18. a4 Qd7 19. b4 h5 20. b5 Rac8 21. Qb3 axb5 22. Bxb5 Qd8 23. Bd3 Qa5 24. Bb6 Qd2 25. Bc4 Rxc4 26. Rxc4 Rc8 27. Rfc1 Kh7 28. Rxc8 Nxc8 29. Rf1 Kh6 30. Bf2 h4 31. Qxb7 Qc3 32. a5 h3 33. a6 hxg2 34. Kxg2 g5 35. a7 Nxa7 36. Qxa7 g4 37. fxg4 Kg5 38. Qd7 1-0